Problémy zavedenia digitálnej dane
Výsledky výskumu zdaňovania digitálnych spoločností v oblasti pripravovanej daňovej legislatívy, postupy a závery z rokovaní politikov a daňových odborníkov na rôznych úrovniach (G20, G7, OECD, EÚ). Pokusy zaviesť digitálne dane do daňovej praxe v niektorých štátoch. Zavedenie digitálnej dane do daň...
Gespeichert in:
| 1. Verfasser: | |
|---|---|
| Format: | Buchkapitel |
| Sprache: | Slowakisch |
| Schlagworte: | |
| Tags: |
Keine Tags, Fügen Sie das erste Tag hinzu!
|
MARC
| LEADER | 00000naa$a2200000$$$4500 | ||
|---|---|---|---|
| 001 | 0269358 | ||
| 005 | 20240502074223.8 | ||
| 041 | 0 | |a slo | |
| 044 | |a SK | ||
| 245 | 1 | 0 | |a Problémy zavedenia digitálnej dane |c Gizela Lénártová |
| 520 | |a Výsledky výskumu zdaňovania digitálnych spoločností v oblasti pripravovanej daňovej legislatívy, postupy a závery z rokovaní politikov a daňových odborníkov na rôznych úrovniach (G20, G7, OECD, EÚ). Pokusy zaviesť digitálne dane do daňovej praxe v niektorých štátoch. Zavedenie digitálnej dane do daňovej praxe a situácia v zdaňovaní digitálnej ekonomiky v SR. Opatrenia v daňovej legislatíve Európskej únie. Dočasné riešenia a návrhy legislatívnych opatrení vo svete, na úrovni EÚ a vo vybraných štátoch. | ||
| 610 | 2 | 0 | |a zdaňovanie |
| 610 | 2 | 0 | |a dane |
| 610 | 2 | 0 | |a legislatíva |
| 610 | 2 | 0 | |a opatrenia |
| 610 | 2 | 0 | |a spoločnosti |
| 610 | 2 | 0 | |a Slovensko |
| 610 | 2 | 0 | |a Európska únia |
| 100 | 1 | |a Lénártová, Gizela | |